00347nam a2200121Ia 4500008004100000100002300041245005200064245002200116260000900138300003100147440003000178650001700208171207s9999 xx 000 0 und d aGlotfelter, Angela aSocial media in academia: Networked scholars  cAngela Glotfelter c2017 apages 1144-1145, July 2017 aNew Media & Societyv19:7 aSocial media